Modelling transport

Uloženo v:
Podrobná bibliografie
Hlavní autoři: Ortúzar Salas, Juan de Dios (Autor), Willumsen, Luis G (Autor)
Médium: Kniha
Jazyk:angličtina
Vydáno: Chichester John Wiley 2001
Vydání:3a. ed
Témata:
Tagy: Přidat tag
Žádné tagy, Buďte první, kdo vytvoří štítek k tomuto záznamu!

MARC

LEADER 00000nam a2200000 a 4500
001 UCL0041
003 CL-VaPUC
008 030612e20010000UK |||||||||||||||||eng|d
082 0 4 |a 388.015118  |b ORT  |2 21 
100 |a Ortúzar Salas, Juan de Dios  |e author  |9 476732 
700 0 |a Willumsen, Luis G  |e author  |9 476733 
245 1 0 |a Modelling transport 
250 |a 3a. ed 
300 |a 499 p 
942 |c BK 
945 |d 20030612 00:00:00  |a vberengu 
260 |a Chichester  |b John Wiley  |c 2001 
650 7 |a TRANSPORTE  |2 CL-VaPUC  |9 256365 
650 0 |a Generación de viajes  |9 330831 
650 7 |a TRANSPORTE - MODELOS MATEMATICOS  |2 CL-VaPUC  |9 476734 
583 |a last modification  |c 20030612 00:00:00  |k Rodrigo Vera 
999 |c 304074  |d 304072 
952 |0 0  |1 0  |4 0  |6 388_015118000000000_ORT_2001  |7 0  |8 A  |9 365832  |a BIBING  |b BIBING  |d 2019-11-21  |i 3906124  |o 388.015118 ORT 2001  |p 3906124  |r 2025-01-20  |w 2019-11-21  |y BK  |k TRA